LEADER 01032nam a2200241 i 4500 001 991002880049707536 005 20021022143700.0 008 960610s1972 it ||| | ita 035 $ab11722435-39ule_inst 035 $aLE021FD222081$9ExL 040 $aDip. SSSC$bita 082 0 $a852.91 100 1 $aPirandello, Luigi$d<1867-1936>$0299283 245 12$aL'amica delle mogli ; Non si sa come ; Sogno (ma forse no) /$cLuigi Pirandello ; con la cronologia della vita di Pirandello e dei suoi tempi, un'introduzione e una bibliografia a cura di Corrado Simioni 260 $aMilano :$bMondadori,$c1972 300 $aLI, 177 p. ;$c19 cm. 700 1 $aSimioni, Corrado 907 $a.b11722435$b19-11-13$c24-10-02 912 $a991002880049707536 945 $aLE021FD TI19bisB12$g1$iLE021FD-5722$lle023$nFondo D'Amico$o-$pE0.00$q-$rn$so $t0$u0$v0$w0$x0$y.i11962495$z24-10-02 996 $aAmica delle mogli ; Non si sa come ; Sogno (ma forse no$9903783 997 $aUNISALENTO 998 $ale021$b10-06-96$cm$da $e-$fita$git $h2$i1 LEADER 01686nam 2200445I 450 001 9910708065803321 005 20170316144628.0 035 $a(CKB)5470000002469919 035 $a(OCoLC)976169046 035 $a(EXLCZ)995470000002469919 100 $a20170316j199612 ua 0 101 0 $aeng 135 $aurbn||||||||| 181 $ctxt$2rdacontent 182 $cc$2rdamedia 183 $acr$2rdacarrier 200 10$aHelicopter blade-vortex interaction noise with comparisons to CFD calculations /$fMegan S. McCluer 210 1$aMoffett Field, CA :$cNational Aeronautics and Space Administration, Ames Research Center,$dDecember 1996. 215 $a1 online resource (vii, 51 pages) $cillustrations 225 1 $aNASA technical memorandum ;$v110423 300 $a"December 1996." 300 $a"Performing organization: Ames Research Center" Report documentation page. 320 $aIncludes bibliographical references (pages 49-51). 517 3 $aHelicopter blade-vortex interaction noise with comparisons to computational fluid dynamics calculations 606 $aBlade-vortex interaction$2nasat 606 $aBlade slap noise$2nasat 606 $aComputational fluid dynamics$2nasat 606 $aRotary wings$2nasat 615 7$aBlade-vortex interaction. 615 7$aBlade slap noise. 615 7$aComputational fluid dynamics. 615 7$aRotary wings. 700 $aMcCluer$b Megan S.$01400107 712 02$aAmes Research Center, 801 0$bGPO 801 1$bGPO 906 $aBOOK 912 $a9910708065803321 996 $aHelicopter blade-vortex interaction noise with comparisons to CFD calculations$93466425 997 $aUNINA